[Event "6. Howard Staunton Memorial"]
[Site "London ENG"]
[Date "2008.08.09"]
[Round "3.6"]
[White "L'Ami, Erwin"]
[Black "Adams, Michael"]
[Result "1/2-1/2"]
[WhiteElo "2610"]
[BlackElo "2735"]
[PlyCount "51"]
[EventDate "2008.08.07"]
[EventCountry "ENG"]
[Source "lmi"]
[SourceDate "2008.08.07"]

1. d4 Nf6 2. c4 e6 3. Nc3 Bb4 4. Qc2 d5 5. a3 Bxc3+ 6. Qxc3 Ne4 7. Qc2 c5 8.
dxc5 Nc6 9. e3 Qa5+ 10. Bd2 Nxd2 11. Qxd2 dxc4 12. Qxa5 Nxa5 13. Rc1 b5 14.
cxb6 Bb7 15. bxa7 Ke7 16. Ne2 Rxa7 17. Nc3 Rb8 18. Na2 Bd5 19. Nb4 Nc6 20.
Nxc6+ Bxc6 21. Rxc4 Ba4 22. Rb4 Rxb4 23. axb4 Bb5 24. f3 Ra1+ 25. Kf2 Rb1 26.
b3 1/2-1/2

[Event "6. Howard Staunton Memorial"]
[Site "London ENG"]
[Date "2008.08.11"]
[Round "5.1"]
[White "L'Ami, Erwin"]
[Black "Sokolov, Ivan"]
[Result "1/2-1/2"]
[WhiteElo "2610"]
[BlackElo "2658"]
[PlyCount "82"]
[EventDate "2008.08.07"]
[EventCountry "ENG"]
[Source "lmi"]
[SourceDate "2008.08.07"]

1. d4 d5 2. c4 c6 3. Nc3 dxc4 4. e3 Be6 5. Nh3 Bxh3 6. gxh3 Nf6 7. Bxc4 e6 8.
Qf3 Nbd7 9. Bd2 Rc8 10. O-O-O b5 11. Bb3 a5 12. Kb1 a4 13. Bc2 Nb6 14. e4 a3
15. Bg5 h6 16. Bh4 axb2 17. d5 cxd5 18. exd5 Be7 19. d6 Bxd6 20. Ne4 Nc4 21.
Bxf6 gxf6 22. Rxd6 Qc7 23. Rhd1 Na3+ 24. Kxb2 Qxc2+ 25. Ka1 f5 26. Qxa3 Qxe4
27. R6d4 Qe5 28. f4 Qc7 29. Qb4 Rg8 30. Qxb5+ Kf8 31. Qb2 Rg6 32. a4 Kg8 33.
Rd7 Qc5 34. Qd4 Qc3+ 35. Qxc3 Rxc3 36. R7d3 Rc4 37. Rb3 e5 38. fxe5 Ra6 39. Rf1
f4 40. a5 Kg7 41. Kb2 Kg6 1/2-1/2